Ground Improvement Techniques (Record no. 5392)

MARC details
000 -LEADER
fixed length control field 00375nam a2200157Ia 4500
003 - CONTROL NUMBER IDENTIFIER
control field OSt
008 - FIXED-LENGTH DATA ELEMENTS--GENERAL INFORMATION
fixed length control field 191201s2012 xx 000 0 und d
082 ## - DEWEY DECIMAL CLASSIFICATION NUMBER
Classification number 624.15136
Item number RAG
100 ## - MAIN ENTRY--PERSONAL NAME
Personal name RAJ, P Purushothama
245 #0 - TITLE STATEMENT
Title Ground Improvement Techniques
250 ## - EDITION STATEMENT
Edition statement Rep
260 ## - PUBLICATION, DISTRIBUTION, ETC. (IMPRINT)
Place of publication, distribution, etc N. Delhi
Name of publisher, distributor, etc University Press
Date of publication, distribution, etc 2012
300 ## - PHYSICAL DESCRIPTION
Extent 265
650 ## - SUBJECT ADDED ENTRY--TOPICAL TERM
Topical term or geographic name as entry element B.Tech(CE)
942 ## - ADDED ENTRY ELEMENTS (KOHA)
Source of classification or shelving scheme Dewey Decimal Classification
Koha item type Text Books
Holdings
Withdrawn status Lost status Source of classification or shelving scheme Damaged status Not for loan Collection code Home library Current library Date acquired Source of acquisition Cost, normal purchase price Bill Number Total Checkouts Full call number Acc. no. / Barcode Date last seen Bill Date Koha item type Actual Cost, discounted price
    Dewey Decimal Classification     B.Tech(CE) PIET C-LIBRARY PIET C-LIBRARY 17/07/2012 IBH, New Delhi 195.00 5685   624.15136 RAG 20317 04/12/2019 14/07/2012 Text Books  
    Dewey Decimal Classification     B.Tech(CE) PIET C-LIBRARY PIET C-LIBRARY 17/07/2012 IBH, New Delhi 195.00 5685   624.15136 RAG 20318 04/12/2019 14/07/2012 Text Books  
    Dewey Decimal Classification     B.Tech(CE) PIET C-LIBRARY PIET C-LIBRARY 17/07/2012 IBH, New Delhi 195.00 5685   624.15136 RAG 20319 04/12/2019 14/07/2012 Text Books  
    Dewey Decimal Classification     B.Tech(CE) PIET C-LIBRARY PIET C-LIBRARY 17/07/2012 IBH, New Delhi 195.00 5685   624.15136 RAG 20320 04/12/2019 14/07/2012 Text Books  
    Dewey Decimal Classification     B.Tech(CE) PIET C-LIBRARY PIET C-LIBRARY 17/07/2012 IBH, New Delhi 195.00 5685   624.15136 RAG 20321 04/12/2019 14/07/2012 Text Books  
    Dewey Decimal Classification     B.Tech(CE) PIET C-LIBRARY PIET C-LIBRARY 26/04/2014 IBH, New Delhi 225.00 145/DEL/14-15   624.15136 RAG 23973 04/12/2019 24/04/2014 Text Books 168.75
    Dewey Decimal Classification     B.Tech(CE) PIET C-LIBRARY PIET C-LIBRARY 26/04/2014 IBH, New Delhi 225.00 145/DEL/14-15   624.15136 RAG 23974 04/12/2019 24/04/2014 Text Books 168.75
    Dewey Decimal Classification     B.Tech(CE) PIET C-LIBRARY PIET C-LIBRARY 26/04/2014 IBH, New Delhi 225.00 145/DEL/14-15   624.15136 RAG 23975 04/12/2019 24/04/2014 Text Books 168.75

Design & Developed by: PIET Central Library
R70 Miles Stone Pattikalyana Samalkha Panipat 132102
mail ID :- [email protected], Phone No:- 0180-2569700 Ex.216